UBT Library

Bankruptcy and debtor/creditor : (Record no. 41676)

000 -LEADER
fixed length control field 00857cam a2200253 a 4500
001 - CONTROL NUMBER
control field 15986938
005 - DATE AND TIME OF LATEST TRANSACTION
control field 20180202080858.0
008 - FIXED-LENGTH DATA ELEMENTS--GENERAL INFORMATION
fixed length control field 091117s2010 nyua 001 0 eng
010 ## - LIBRARY OF CONGRESS CONTROL NUMBER
LC control number 2009048730
020 ## - INTERNATIONAL STANDARD BOOK NUMBER
International Standard Book Number 9780735588516 (pbk.)
020 ## - INTERNATIONAL STANDARD BOOK NUMBER
International Standard Book Number 0735588511 (pbk.)
035 ## - SYSTEM CONTROL NUMBER
System control number (OCoLC)ocn467927731
040 ## - CATALOGING SOURCE
Original cataloging agency DLC
Transcribing agency DLC
Modifying agency YDX
-- YDXCP
-- DLC
041 ## - LANGUAGE CODE
Language code of text/sound track or separate title eng
043 ## - GEOGRAPHIC AREA CODE
Geographic area code n-us---
080 ## - UNIVERSAL DECIMAL CLASSIFICATION NUMBER
Universal Decimal Classification number 346.73078
082 00 - DEWEY DECIMAL CLASSIFICATION NUMBER
Classification number 346.73078 BLU
Edition number 22
100 1# - Rafti
Rafti 14
101 ## - Shkurtesa
Shkurtesa SHJ
245 10 - TITLE STATEMENT
Title Bankruptcy and debtor/creditor :
Statement of responsibility, etc Brian A. Blum.
906 ## - LOCAL DATA ELEMENT F, LDF (RLIN)
a 7
b cbc
c orignew
d 1
e ecip
f 20
g y-gencatlg
942 ## - ADDED ENTRY ELEMENTS (KOHA)
Source of classification or shelving scheme
Item type Books
Holdings
Withdrawn status Lost status Source of classification or shelving scheme Damaged status Not for loan Collection code Permanent location Current location Shelving location Date acquired Total Checkouts Full call number Barcode Date last seen Price effective from Koha item type
          Koleksioni i përgjithshem UBT - Lipjan UBT - Lipjan Koleksioni i përgjithshem 02/02/2018   346.73078 BLU 002-2997589 02/02/2018 02/02/2018 Books
UBT Library © 2015-2024. All rights reserved University Education for Business and Technology